Juan pablo echagüe : rasgos biográficos /

Guardado en:
Autor Principal: Monla Figueroa, Alfredo
Formato: Libro
Publicado: Buenos Aires : Rosso, 1927
Materias:
Etiquetas: Agregar Etiqueta
Sin Etiquetas, Sea el primero en etiquetar este registro!
LEADER 00485nam a22001695a 4500
001 CEM.cems004499
005 20060216000000.0
008 130507s1927##################000#0#####d
003 CEMS
082 0 4 |a 928 
100 1 |a Monla Figueroa, Alfredo 
245 1 0 |a Juan pablo echagüe :  |b rasgos biográficos / 
260 |a Buenos Aires :  |b Rosso,  |c 1927 
300 |a 78 p. 
653 |a Biografias 
653 |a Echague juan pablo-biograf. 
859 |a CEMS  |b BIB. CEMS - 11 de abril  |h 928  |i EC15M  |p 10188.81  |t Ej.1